LEADER 00850nam a2200205 i 4500 001 000000046765 003 CaOOAMICUS 005 20120214000000.0 008 120214s1947 xx u000 u fre u 013 $a17935 040 $aSeMil$bita 100 1 $aVandenbroucke, François.$0(OLS)http://semarc/name/4804 245 13$aLe moine dans l'Église du Christ :$bessai théologique /$cdom François Vandenbroucke. 260 $aLouvain :$bAbbaye du Mont César,$c1947. 300 $a244 p. ;$c19 cm. 650 4$aMonachesimo.$0(OLS)http://semarc/subject/4553 850 $aSeMil 852 $aSeMil$W1$xVenegono$y1$m2C II 259$j12920$B12920$CSeMilBibl$Z2$F12920 $81 996 $6245$aLe moine dans l'Église du Christ :$bessai théologique$9(OLS)http://semarc/title/70084 996 $6260$aLouvain :$bAbbaye du Mont César$9(OLS)http://semarc/publisher/30523 LEADER 00497naa a2200133 i 4500 001 000000322288 003 CaOOAMICUS 005 20180831173402.0 008 180831n xx u000 u und u 013 $a32582 040 $aSeMil$bita 245 13$aLa parabole du pretendant à la royauté ( Lc 19, 11-28) 650 4$aBibbia. Nuovo Testamento. Vangelo secondo Luca, 19,11-28.$0(OLS)http://semarc/subject/44296 996 $6245$aLa parabole du pretendant à la royauté ( Lc 19, 11-28)$9(OLS)http://semarc/title/395818